| 000 | 01315nam a22003617a 4500 | ||
|---|---|---|---|
| 001 | 0059916 | ||
| 003 | KOHA_MİRAKIL | ||
| 005 | 20260207004245.0 | ||
| 007 | ta | ||
| 008 | 170208b2015 tu |||gr||||#0|||0|tur | | ||
| 020 | _a9789751631664 | ||
| 040 |
_aTR-BiSEU _btur _cTR-BiSEU _erda |
||
| 041 | 0 | _atur | |
| 044 | _ctu | ||
| 050 |
_aDR432 _b.U48 2015 |
||
| 111 | 2 |
_aUluslararası Türk Kültürü kongresi (8. : Eskişehir: 2013) _9110885 |
|
| 245 | 1 |
_a8. Uluslararası Türk Kültürü kongresi 24-27 Ekim 2013, Eskişehir : _bbildiriler - I/ _cyayına hazırlayan Murat Altan Erik. |
|
| 264 | 1 |
_aAnkara : _bAtatürk Kültür Merkezi Başkanlığı _c2015 |
|
| 300 | _a2 c.: resimli; 25 cm. | ||
| 336 |
_ametin _btxt _2rdacontent |
||
| 337 |
_aaracısız _bn _2rdamedia |
||
| 338 |
_acilt _bnc _2rdacarrier |
||
| 490 | 1 |
_aKurum Yayın No ; _v456. |
|
| 490 | 1 |
_aBilimsel Toplantılar Dizisi ; _v60. |
|
| 650 | 0 |
_aIstanbul (Turkey)--Civilization--Congresses. _968227 |
|
| 650 | 0 |
_aIstanbul (Turkey)--Culture--Congresses. _968228 |
|
| 650 | 0 |
_aİstanbul (Türkiye)--Medeniyet--Kongreler. _968229 |
|
| 650 | 0 |
_aİstanbul (Türkiye)--Kültür--Kongreler. _968230 |
|
| 830 | 1 |
_aKurum Yayın No ; _v456. _9110832 |
|
| 830 | 1 |
_aBilimsel Toplantılar Dizisi ; _v60. _968231 |
|
| 907 | _aTarih | ||
| 942 |
_2lcc _cBK |
||
| 999 |
_c59720 _d59720 |
||